000 01579cam a2200433 i 4500
001 27774
003 KOSZ 005
005 20221025084416.0
008 040519s1975 pl a f |001 0 pol
015 _aPB 1976/72
040 _cWA N
_aWA N
_dKOSZ 005/HR
041 1 _apol
_heng
046 _k1972
080 _a620.193
080 _a620.197
100 1 _aWranglén, Gösta
_eAutor
245 1 0 _aPodstawy korozji i ochrony metali /
_cGösta Wranglén ; z ang. tł. Jerzy Iwanow, Jerzy Jaszczyński.
246 1 _iTyt. oryg.:
_aIntroduction to corrosion and protection of metals,
_f1972.
260 _aWarszawa :
_bWydawnictwa Naukowo-Techniczne,
_c1975
_e(Wroc :
_fWDD).
300 _a325, [3] s. :
_bil., tab., wykr. ;
_c21 cm.
336 _2rdacontent
_aTekst
_btxt
337 _2rdamedia
_aBez urządzenia pośredniczącego
_bn
338 _2rdacarrier
_aWolumin
_bnc
380 _aKsiążki
388 _a1901-2000
388 _a1945-1989
500 _aTyt. oryg.: An introduction to corrosion and protection of metals, 1972.
504 _aBibliogr. Indeks.
650 4 _aKorozja i erozja
650 4 _aMetale
650 4 _aOchrona i konserwacja
650 4 _aZapobieganie
658 _aInżynieria i technika
700 1 _aIwanow, Jerzy
_c(chemik)
_eTłumaczenie
700 1 _aJaszczyński, Jerzy
_eTłumaczenie
710 2 _aWydawnictwa Naukowo-Techniczne
_4pbl.
856 _uhttp://koha.tu.koszalin.pl/cgi-bin/koha/opac-detail.pl?biblionumber=27774
_yKatalog online BPK
942 _2UKD
_cKS
999 _c27774
_d27774